000 00997cam a22002531 4500
001 l 32000134
003 DLC
005 20260227111534.0
008 820626s1932 xx 000 0 eng
010 _al 32000134
035 _a(OCoLC)14737016
040 _aDLC
_cDNLM
_dOCoLC
_dDLC
050 0 0 _aHD741
_b.A32 no. 213
060 0 _aW1
_bUN6181 no.213 1932
100 1 _aChanning, Alice,
_d1888-
245 1 0 _aEmployed boys and girls in Milwaukee,
_cby Alice Channing ...
260 _aWashington,
_bU.S. Govt. print. off.,
_c1932.
300 _av, 71 p.
410 1 0 _aUnited States.
_bChildren's Bureau.
_tPublication
_vno. 213
500 _aAt head of title: United States Department of labor. W. N. Doak, secretary. Children's bureau. Grace Abbott, chief.
500 _a"Harriet A. Byrne was in charge of the field work, and Alice Channing has written the report." - Letter of transmittal.
504 _a"List of references": p. 70-71.
710 1 _aUnited States.
_bChildren's Bureau.
999 _c36069
_d36069